Classic Rock Bands By Song - Statistics

General Stats
  • This quiz has been taken 382 times
  • The average score is 30 of 50
Answer Stats
Hint Answer % Correct
Back In Black AC/DC
91%
Don't Stop Believin' Journey
91%
Hotel California Eagles
90%
We Will Rock You Queen
89%
Enter Sandman Metallica
87%
Livin' On A Prayer Bon Jovi
86%
More Than a Feeling Boston
85%
Paradise City Guns N' Roses
82%
Come Together The Beatles
82%
Paint It, Black The Rolling Stones
82%
Free Bird Lynyrd Skynyrd
80%
Panama Van Halen
80%
Immigrant Song Led Zeppelin
79%
Paranoid Black Sabbath
78%
Fortunate Son Creedence Clearwater Revival
78%
Comfortably Numb Pink Floyd
78%
Pour Some Sugar On Me Def Leppard
75%
Surfin' U.S.A. The Beach Boys
75%
Should I Stay or Should I Go The Clash
73%
Smoke on the Water Deep Purple
71%
Sweet Emotion Aerosmith
69%
Carry on Wayward Son Kansas
69%
Baba O'Riley The Who
68%
The Final Countdown Europe
66%
Barracuda Heart
63%
Rock and Roll All Nite Kiss
63%
La Grange ZZ Top
61%
Kickstart My Heart Mötley Crüe
60%
Rock You Like A Hurricane Scorpions
58%
Born to Be Wild Steppenwolf
58%
Riders on the Storm The Doors
58%
Tom Sawyer Rush
57%
I Still Haven't Found What I'm Looking For U2
57%
Old Time Rock & Roll Bob Seger
52%
The Boys are Back in Town Thin Lizzy
51%
Don't Bring Me Down Electric Light Orchestra
49%
Come Sail Away Styx
46%
Juke Box Hero Foreigner
45%
Learning to Fly Tom Petty and the Heartbreakers
39%
My Sharona The Knack
38%
Drive The Cars
37%
Jet Airliner Steve Miller Band
36%
American Woman The Guess Who
33%
Touch of Grey Grateful Dead
27%
Rikki Don't Lose That Number Steely Dan
26%
Hallowed Be Thy Name Iron Maiden
25%
Somebody to Love Jefferson Airplane
24%
We're an American Band Grand Funk Railroad
23%
Long Distance Runaround Yes
16%
Can't Get Enough Bad Company
13%
No matching quizzes found
Score Distribution
Percent of People with Each Score
Percentile by Number Answered
Your Score History
You have not taken this quiz